Music Quiz

Random Music or Translation Quiz

Beatles in Turkish Quiz Stats

 Plays Quiz not verified by Sporcle

Also try: Killer Tunes
Challenge
Share
Tweet
Embed
Score 0/20 Timer 08:00
0 Plays Today
Turkish translation Song title % Correct
Lucy gökte elmaslarlaLucy in the Sky with Diamonds
70.2%
Merhaba, hoşçakalHello Goodbye
69.4%
DünYesterday
69.4%
O seni seviyorShe Loves You
62.1%
Ve onu seviyorumAnd I Love Her
58.1%
SSCB'de yenidenBack in the USSR
58.1%
Sarı denizaltıYellow Submarine
54.8%
Elini tutmak istiyorumI Want to Hold Your Hand
54%
Bırak olsunLet It Be
47.6%
Norveç odunuNorwegian Wood
47.6%
Turkish translation Song title % Correct
Zor bir günün gecesiA Hard Day's Night
45.2%
Sonsuza kadar çilek tarlalarıStrawberry Fields Forever
39.5%
Arkadaşlarımın azıcık yardımıylaWith a Little Help from My Friends
39.5%
Not: Seni seviyorumPS: I Love you
38.7%
Sana tüm gereken sevgiAll You Need is Love
37.9%
Bana aşkı satın alamazsınCan't Buy Me Love
36.3%
Kıvır ve bağırTwist and Shout
33.1%
Ben denizaygırıyımI am the Walrus
26.6%
Geri gelGet Back
25%
Tepedeki budalaThe Fool on the Hill
23.4%

You're not logged in!

Compare scores with friends on all Sporcle quizzes.
OR
Log In

You Might Also Like...

Show Comments

Extras

Top Quizzes Today


Score Distribution

Your Account Isn't Verified!

In order to create a playlist on Sporcle, you need to verify the email address you used during registration. Go to your Sporcle Settings to finish the process.

Report this User

Report this user for behavior that violates our Community Guidelines.

Details: